| 000 | 00511nam a2200169Ia 4500 | ||
|---|---|---|---|
| 003 | OSt | ||
| 005 | 20200602142846.0 | ||
| 008 | 190216s9999||||xx |||||||||||||| ||und|| | ||
| 040 | _coclc | ||
| 082 |
_a330.954 _bDUT/E |
||
| 100 |
_aDutt, Romesh _92493 |
||
| 245 | 0 |
_aThe Economic History Of India Vol - 1 / _cRomesh Dutt |
|
| 260 |
_bPublications Division Govt. Of India, _c1989. _aDelhi: |
||
| 300 | _a294p | ||
| 650 | _aEconomics | ||
| 942 |
_cBK _2ddc _h330.954 _iDUT/E _k330.954 _m330.954 |
||
| 999 |
_c10141 _d10141 |
||